00796aam a2200217 i 4500001001900000003000400019005001700023008004100040017004000081020001800121040002700139080001400166080002700180100003300207245012700240264004200367300006400409500003600473650004200509700002700551991061052554406706OSt20240215164426.0231124s2023 sp | 000 0 spa|c aDL V 2847-2023bOficina DL Valencia a9788411830492 aES-ViUbcaterdacCDMR a07022004 a070.42x(047.53)220041 aRojas Torrijos, José Luis,10aManual de nuevos perfiles profesionales para el periodismo y la no ficción /cJosé Luis Rojas Torrijos, Susana Herrera 1aValencia :bTirant humanidades,c2023 a208 pàgines :bil·lustracions, algunes en color ;c22 cm aBibliografia: pàgines 207-208 0aPeriodismexOrientació professional1 aHerrera Damas, Susana,